000 01139nam a2200289Ia 4500
001 Para_9965
003 CHAP
008 220125sDici xx 000 0 und d
010 _a208670
040 _cCHAP
090 _aPA CD - TESIS 50
100 _aHerrera Saucedo, María Elena
_954942
245 _aDeterminación de las diferencias genéticas del psilido del tomate Bactericera cockerelli (Sulc) (Hemiptera :
_b Psyllidae), provenientes de cinco estados, mediante técnicas moleculares /
_c María Elena Herrera Sauceso; Director Juan Fernando solis Aguilar
260 _aChapingo, Méx. :
_b el autor
300 _a1 CDS ROM (52 p.)
502 _aTesis (Ing. Agr. Esp. en Parasitología Agrícola). UACh. Departamento Parasitología Agrícola
520 _a(M.C. en Protección Vegetal) UACh
700 _aSolis Aguilar, Juan Fernando. Director
_9171333
710 _aUACh. Departamento Parasitología Agrícola
_9164025
901 _aPA CD - TESIS 50
902 _aM
905 _a513220Diciembre, 2010 an 8100000000 06
910 _aDici
942 _cPARA
942 _cPARA
_d2
999 _c208670
_d208670